Directorio Salud-drogas: instituciones nacionales e internacionales (Anexo) /
Se presenta una lista de instituciones especializadas en el campo de las drogas desde la óptica de la salud, de manera tal que puedan ser consultadas y de esta forma posibilitar el intercambio de información científica, e incluso facilitar fuentes de publicación y difusión al respecto. Esta lista bu...
Сохранить в:
| Главный автор: | |
|---|---|
| Формат: | Текст |
| Предметы: | |
| Метки: |
Добавить метку
Нет меток, Требуется 1-ая метка записи!
|
MARC
| LEADER | 00000 a a2200000 04500 | ||
|---|---|---|---|
| 001 | 15126 | ||
| 003 | |||
| 040 | |||
| 100 | |a Sáenz Rojas, Mario Alberto | ||
| 245 | |a Directorio Salud-drogas: |b instituciones nacionales e internacionales (Anexo) / |c Mario Alberto Sáenz Rojas | ||
| 520 | |a Se presenta una lista de instituciones especializadas en el campo de las drogas desde la óptica de la salud, de manera tal que puedan ser consultadas y de esta forma posibilitar el intercambio de información científica, e incluso facilitar fuentes de publicación y difusión al respecto. Esta lista busca ser una guía para todos aquellos científicos sociales que desean evacuar interrogantes o consultar datos de interés. Por otra parte, constituye un compendio de organizaciones y profesionales con basta experiencia en el campo, tanto costarricenses como de otras regiones. REV//jmml | ||
| 650 | |a DIRECTORIOS | ||
| 650 | |a SALUD PUBLICA | ||
| 650 | |a DROGAS DE USO INDEBIDO | ||
| 650 | |a PROBLEMAS SOCIALES | ||
| 650 | |a DESARROLLO ECONOMICO Y SOCIAL | ||
| 650 | |a PUB.IIS | ||
| 773 | |g número 73 -74; páginas 141-143 | ||
| 999 | |c 38909 |d 38909 | ||
| 773 | 0 | |0 18728 |9 3058 |a Universidad de Costa Rica |d San José, Costa Rica Editorial UCR 1956- |o 16956 |t Revista de Ciencias Sociales/ |x 04825276 | |
